| 000 | 00463cam a2200169 4500 | ||
|---|---|---|---|
| 008 | 000000n1997 000 0 eng u | ||
| 020 | _a0471181153 | ||
| 035 | _a(Sirsi) u105850 | ||
| 050 | _a624.003 | ||
| 100 | _aWebster, L.F. | ||
| 245 | 4 | _aThe Wiley dictionary of civil engineering and construction. | |
| 260 |
_aNew York _bJohn Wiley & Sons _c1997 |
||
| 300 | _axi,666p. ; 25cm. | ||
| 650 | _aDICTIONARIES | ||
| 690 | _aBUILT ENVIRONMENT | ||
| 942 | _n0 | ||
| 999 |
_c100480 _d100480 |
||